01321 2200301 4500001002100000005001500021035002000036007000300056008004100059020002200100082001000122084001900132100003000151245007600181250002500257300004300282650002200325490002700347520046700374264004000841336002100881337003000902338002300932990001600955990001600971990001600987990001601003INLIS00000000101220820221019111138 a0010-1022000064ta221019 c 0 ind  a978-979-1518-42-x a923.5 aSR 923.5 FRI c0 aFrida Firdianiepengarang1 aCut Nyak Dien :bPejuang wanita yang gigih dan berani /cFrida Firdiani aCetakan Januari 2022 aviii, 64 halaman :bIlustrasi ;c21 cm 4aBiografi pahlawan aSeri pahlawan nasional aNangroe Aceh Darussalam banyak melahirkan pahlawan perempuan yang gigih berjuang melawan penjajah bangsa kita. Cut Nyak Dien merupakan salah satu dari perempuan berhati baja, berusaha melawan pasukan Belanda sebelum akhirnya ia ditangkap.Jiwa pejuang memang sudah diwarisi Cut Nyak Dien dari ayahnya, seorang,pejuang,kemerdekaan yang tidak kenal kompromi dengan penjajah. la yang dibesarkan dalam kerajaan Acch dan Belanda ia semakin mempertebal jiwa patriotnya. aJakarta :bBee media pustaka,c2022 2rdacontentaTeks 2rdamediaaTanpa perantara 2rdacarrieraVolume a49813.62633 a49814.62634 a49814.62634 a49813.62633